Miscellaneous 8 - Statistics

General Stats
  • This quiz has been taken 7 times
  • The average score is 5 of 22
Answer Stats
Hint Answer % Correct
What is the national animal of Canada? Beaver
83%
A "sonnet" is a type of... Poem
83%
Who was Zeus' father? Cronus / Kronos
33%
Who holds the record for having the most concurrent subs on Twitch? Kai Cenat
33%
Which country did France war against during the "Pastry War" in 1838-1839? Mexico
33%
Which country has the highest total dog population in the world? USA / America
33%
"Saratoga", "Voss", and "Core" are all examples of... Water
33%
Name one of the two dogs that Barack Obama owned while he was POTUS. Bo / Sunny
17%
What is the green-eyed Powerpuff girl's name? Buttercup
17%
Which company's stock has appreciated by over 1,000,000% since 1919? Coca-Cola / Coke
17%
Magyar is the official language of which country? Hungary
17%
Who is the most followed woman on Instagram? Selena Gomez
17%
What can an "anosmic" person not do? Smell
17%
Who is the princess from the fictional place called "Themyscira"? (Also known as "Paradise Island".) Wonder Woman / Diana
17%
What was Suga from BTS criminally charged with in 2024? DUI / Traffic Violation
0%
Name one of the two features on Justin Bieber's song called "Peaches". Giveon / Daniel Caesar
0%
Where is the "Iolani Palace" located? Hawaii / Honolulu
0%
What is Butter's real name from South Park? Leopold
0%
According to 2020 U.S. Census data, what is the most common first name for males in America? Michael
0%
Which word has the most definitions of any single word? (According to the Oxford English dictionary.) Run
0%
What is another way to describe a woman who is a "relict"? Widow
0%
Who is Snoopy's bestfriend and sidekick from the Peanuts franchise? Woodstock
0%
No matching quizzes found
Score Distribution
Percent of People with Each Score
Percentile by Number Answered
Your Score History
You have not taken this quiz